[Event "Ct. Catalunya eq DH"]
[Site "?"]
[Date "2012.03.03"]
[Round "6.10"]
[White "Nadal Fajardo, R."]
[Black "Lillo Ferrer, JM."]
[Result "0-1"]
[WhiteElo "1825"]
[BlackElo "2223"]
[PlyCount "84"]
[EventDate "2012.??.??"]
[EventType "team"]
[EventRounds "11"]

1. e4 d6 2. d4 g6 3. c3 Bg7 4. Be3 Nf6 5. Bd3 O-O 6. h3 e5 7. Ne2 b6 8. O-O Qe7
9. Nd2 Bb7 10. d5 Nbd7 11. b4 Nh5 12. f4 exf4 13. Nxf4 Nxf4 14. Bxf4 Bxc3 15.
Rc1 Bd4+ 16. Kh1 Ne5 17. Nf3 Nxf3 18. Qxf3 a5 19. Bh6 axb4 20. Bxf8 Kxf8 21.
Qe2 Bc3 22. Bb5 Ra3 23. Qc4 Kg7 24. Rc2 h5 25. Rcf2 f6 26. Rf3 Kh6 27. R1f2 Qd8
28. Qf1 Kg7 29. Qc4 Bc8 30. Qc6 Ra7 31. Qc4 Bd7 32. Bc6 Ra5 33. Bxd7 Qxd7 34.
Qd3 Qc8 35. Rf1 Qa8 36. R1f2 Ra3 37. Qc4 Qc8 38. Rc2 Qd7 39. Qe2 Qa4 40. Qd1
Rxa2 41. Rff2 Ra1 42. Rc1 Qxd1+ 0-1

[Event "Ct. Catalunya eq DH"]
[Site "?"]
[Date "2012.03.03"]
[Round "6.10"]
[White "Negreiro Pozo, B."]
[Black "Subirats Ruiz, S."]
[Result "1/2-1/2"]
[WhiteElo "2096"]
[BlackElo "2260"]
[PlyCount "94"]
[EventDate "2012.??.??"]
[EventType "team"]
[EventRounds "11"]

1. e4 e5 2. Nf3 Nc6 3. Bc4 Bc5 4. O-O d6 5. c3 Nf6 6. d4 Bb6 7. dxe5 Nxe5 8.
Nxe5 dxe5 9. Qxd8+ Kxd8 10. Bg5 Ke7 11. Nd2 Be6 12. Bxf6+ Kxf6 13. Bxe6 Kxe6
14. Nc4 Bc5 15. b4 Be7 16. g3 Rhd8 17. Rad1 g6 18. Kg2 c6 19. f4 exf4 20. gxf4
f5 21. Kf3 fxe4+ 22. Kxe4 Rd5 23. Ne3 Rh5 24. f5+ gxf5+ 25. Nxf5 Rg8 26. Nxe7
Kxe7 27. Rd2 Rg4+ 28. Rf4 Rg1 29. Rff2 Rh4+ 30. Kd3 Rh3+ 31. Kc2 Rg4 32. Rfe2+
Kf6 33. a4 a5 34. b5 Rc4 35. Rf2+ Kg6 36. Rg2+ Kh5 37. Rd3 Rxd3 38. Kxd3 Rxa4
39. bxc6 bxc6 40. Rg7 h6 41. Rc7 Kg5 42. Rxc6 h5 43. Rc5+ Kg4 44. Rc4+ Rxc4 45.
Kxc4 Kh3 46. Kb5 Kxh2 47. c4 Kg3 1/2-1/2

[Event "Ct. Catalunya eq DH"]
[Site "?"]
[Date "2012.03.10"]
[Round "7.1"]
[White "Marin, M."]
[Black "Muñoz Pantoja, M."]
[Result "1/2-1/2"]
[WhiteElo "2539"]
[BlackElo "2495"]
[PlyCount "195"]
[EventDate "2012.??.??"]
[EventType "team"]
[EventRounds "11"]

1. d4 c5 2. e3 Nf6 3. Nf3 g6 4. dxc5 Qa5+ 5. Nbd2 Bg7 6. a3 Qxc5 7. b4 Qc7 8.
Bb2 O-O 9. c4 d6 10. Be2 Nc6 11. O-O Bg4 12. h3 Bxf3 13. Bxf3 a5 14. Qb3 Nd7
15. Bxg7 Kxg7 16. Rab1 Kg8 17. Rfc1 axb4 18. axb4 Ra7 19. Ne4 Rfa8 20. c5 dxc5
21. Nxc5 Nxc5 22. bxc5 Rc8 23. Qb6 e6 24. Rd1 Ra5 25. Rd6 Qxb6 26. cxb6 Rc5 27.
Bxc6 R5xc6 28. Rd7 Rb8 29. Rb4 e5 30. g4 Kf8 31. Kg2 h6 32. h4 Ke8 33. Rc7 Rxc7
34. bxc7 Rc8 35. Rxb7 Kd7 36. Rb5 Kd6 37. Rb6+ Kxc7 38. Rf6 Rf8 39. Kf3 Kd7 40.
Ke4 Ke7 41. Kxe5 Ra8 42. Rb6 Ra5+ 43. Kf4 h5 44. g5 Rf5+ 45. Kg3 Ra5 46. Rf6
Ra1 47. Rf4 Kf8 48. Kf3 Ke7 49. Rb4 Kf8 50. Ke4 Ra2 51. f4 Rh2 52. Ke5 Kg7 53.
f5 gxf5 54. Kxf5 Rh3 55. Re4 Rf3+ 56. Ke5 Rg3 57. Kd4 Rg1 58. Rf4 Rg3 59. Kd3
Rh3 60. Ke2 Rh2+ 61. Kf3 Rh3+ 62. Kf2 Rh2+ 63. Kg3 Re2 64. Re4 Re1 65. Kf2 Rh1
66. Ra4 Rh2+ 67. Kg3 Re2 68. Kf3 Rh2 69. Rf4 Rh3+ 70. Ke4 Rg3 71. Kd4 Rh3 72.
e4 Rh1 73. Ke5 Ra1 74. Kf5 Re1 75. e5 Re3 76. Rd4 Re1 77. Kf4 Rh1 78. Kf3 Rh3+
79. Ke2 Ra3 80. Re4 Ra6 81. Kf3 Kg6 82. Kf4 Rb6 83. Rd4 Kg7 84. Kf5 Rb1 85. Rc4
Rh1 86. e6 fxe6+ 87. Kxe6 Kg6 88. Ke5 Rh3 89. Re4 Rh1 90. Ke6 Rh2 91. Ke7 Rxh4
92. Rxh4 Kxg5 93. Ra4 h4 94. Ra3 Kg4 95. Kf6 h3 96. Ra2 Kg3 97. Kg5 h2 98. Rxh2
1/2-1/2

[Event "Ct. Catalunya eq DH"]
[Site "?"]
[Date "2012.03.10"]
[Round "7.2"]
[White "Alonso Garcia, R."]
[Black "Gonzalez Rodriguez, JA."]
[Result "1-0"]
[WhiteElo "2448"]
[BlackElo "2459"]
[PlyCount "111"]
[EventDate "2012.??.??"]
[EventType "team"]
[EventRounds "11"]

1. e4 e6 2. d4 d5 3. Nd2 Nf6 4. Bd3 c5 5. exd5 Nxd5 6. Ngf3 Nc6 7. dxc5 Bxc5 8.
O-O O-O 9. Ne4 Be7 10. Qe2 Ndb4 11. Bc4 Na5 12. a3 Nxc4 13. axb4 Qc7 14. Nc5
Nb6 15. c4 a5 16. b3 axb4 17. Rxa8 Nxa8 18. Nd3 Rd8 19. Bf4 Qd7 20. Nde5 Qe8
21. Ra1 Nb6 22. Nd3 Qd7 23. Nde5 Qe8 24. Nd3 Bf6 25. Rc1 Qe7 26. Bd2 Bc3 27.
Bxc3 bxc3 28. Rxc3 f6 29. Qe3 Qc7 30. Rc1 e5 31. Nc5 Bf5 32. Nh4 Bc8 33. Nf3
Bg4 34. b4 Nd7 35. Nxd7 Qxd7 36. h3 Be6 37. Qb6 Rc8 38. c5 Bd5 39. Rd1 Qc6 40.
Qxc6 bxc6 41. Rb1 Rb8 42. Nd2 Kf7 43. f3 f5 44. Kf2 Ke7 45. Nf1 Bc4 46. Ne3 Bd3
47. Rb3 Rd8 48. g3 g5 49. Rb2 f4 50. gxf4 gxf4 51. Nd1 Bf5 52. Nc3 Bxh3 53. b5
Rg8 54. Rb4 Rb8 55. b6 Bf5 56. Rb2 {Ilegible hasta 60} 1-0

[Event "Ct. Catalunya eq DH"]
[Site "?"]
[Date "2012.03.10"]
[Round "7.2"]
[White "Gonzalez Garcia, J."]
[Black "Baron Isanta, JM."]
[Result "1-0"]
[WhiteElo "2581"]
[BlackElo "2407"]
[PlyCount "71"]
[EventDate "2012.??.??"]
[EventType "team"]
[EventRounds "11"]

1. d4 g6 2. e4 Bg7 3. Nf3 d6 4. c3 Nf6 5. Bd3 O-O 6. O-O Nbd7 7. Re1 e5 8. Bg5
h6 9. Bh4 Qe8 10. Na3 a6 11. Nc4 b6 12. dxe5 dxe5 13. Nfd2 Nh5 14. f3 Nf4 15.
Bf1 Bf6 16. Bf2 Nb8 17. b4 Bd7 18. a4 Nc6 19. Qc2 Nd8 20. a5 b5 21. Ne3 Be6 22.
Rad1 Kg7 23. Nb3 Bxb3 24. Qxb3 Qe6 25. c4 c6 26. Qc2 Be7 27. Qc3 Nb7 28. cxb5
cxb5 29. Nd5 Rac8 30. Nxf4 Rxc3 31. Nxe6+ fxe6 32. Rd7 Rf7 33. Rxb7 Bxb4 34.
Rb6 Rc2 35. Rb1 Rxf2 36. Rxb4 1-0

[Event "Ct. Catalunya eq DH"]
[Site "?"]
[Date "2012.03.10"]
[Round "7.3"]
[White "Baches Garcia, G."]
[Black "Cuadras Avellana, J."]
[Result "0-1"]
[WhiteElo "2433"]
[BlackElo "2383"]
[PlyCount "54"]
[EventDate "2012.??.??"]
[EventType "team"]
[EventRounds "11"]

1. e4 c6 2. c4 d5 3. exd5 cxd5 4. cxd5 Nf6 5. Nc3 Nxd5 6. Nf3 Nc6 7. Bb5 e6 8.
O-O Be7 9. d4 O-O 10. Re1 Bd7 11. a3 Rc8 12. Bd3 Nxc3 13. bxc3 Bf6 14. Bd2 g6
15. Qe2 Re8 16. Bf4 Qa5 17. Bd2 e5 18. c4 Qc7 19. d5 e4 20. Bxe4 Bxa1 21. Rxa1
f5 22. dxc6 Rxe4 23. Be3 Bxc6 24. c5 Rd8 25. Ng5 Qe5 26. Re1 f4 27. Nf3 Qd5 0-1

[Event "Ct. Catalunya eq DH"]
[Site "?"]
[Date "2012.03.10"]
[Round "7.3"]
[White "Hernando Rodrigo, JA."]
[Black "Rodriguez Cespedes, A."]
[Result "0-1"]
[WhiteElo "2385"]
[BlackElo "2473"]
[PlyCount "56"]
[EventDate "2012.??.??"]
[EventType "team"]
[EventRounds "11"]

1. d4 Nf6 2. c4 e6 3. Nf3 b6 4. g3 Bb4+ 5. Bd2 Be7 6. Bg2 c6 7. O-O d5 8. Nc3
Bb7 9. cxd5 cxd5 10. Ne5 Nfd7 11. e4 Nxe5 12. dxe5 d4 13. Nb5 O-O 14. Nd6 Bxd6
15. exd6 Qxd6 16. e5 Qd7 17. Bxb7 Qxb7 18. Bg5 Qd5 19. f4 Nd7 20. Be7 Rfc8 21.
Rf2 Nc5 22. Qg4 Kh8 23. f5 Nd3 24. f6 g6 25. Rg2 Nxe5 26. Qf4 g5 27. Qf2 Nf3+
28. Kh1 d3 0-1

[Event "Ct. Catalunya eq DH"]
[Site "?"]
[Date "2012.03.10"]
[Round "7.3"]
[White "Valdes, L."]
[Black "Simon Padros, E."]
[Result "1-0"]
[WhiteElo "2393"]
[BlackElo "2261"]
[PlyCount "69"]
[EventDate "2012.??.??"]
[EventType "team"]
[EventRounds "11"]

1. Nf3 e6 2. g3 f5 3. Bg2 Nf6 4. O-O d5 5. c4 c6 6. b3 Bd6 7. Bb2 O-O 8. d3 Qe7
9. Nbd2 Na6 10. e4 fxe4 11. dxe4 Nxe4 12. Nxe4 dxe4 13. Nd2 e3 14. fxe3 Rxf1+
15. Qxf1 e5 16. Ne4 Bg4 17. h3 Be6 18. Nxd6 Qxd6 19. Rd1 Qc5 20. Qd3 Re8 21.
Be4 h6 22. Bh7+ Kh8 23. Bg6 Rf8 24. Qe4 Bxh3 25. Bxe5 Qe7 26. Bd6 Qxe4 27. Bxe4
Rd8 28. Rd4 Kg8 29. Bf3 Be6 30. c5 Rd7 31. Re4 Bf7 32. Ra4 Nc7 33. Rxa7 Nb5 34.
Ra8+ Kh7 35. Bg4 1-0

[Event "Ct. Catalunya eq DH"]
[Site "?"]
[Date "2012.03.10"]
[Round "7.4"]
[White "Iglesias, J."]
[Black "Raineri de Luca, P."]
[Result "1/2-1/2"]
[WhiteElo "2391"]
[BlackElo "2371"]
[PlyCount "36"]
[EventDate "2012.??.??"]
[EventType "team"]
[EventRounds "11"]

1. e4 c6 2. d4 d5 3. Nd2 dxe4 4. Nxe4 Bf5 5. Ng3 Bg6 6. h4 h6 7. Nf3 Nd7 8. h5
Bh7 9. Bd3 Bxd3 10. Qxd3 e6 11. Bd2 Ngf6 12. O-O-O Be7 13. Ne4 Nxe4 14. Qxe4
Nf6 15. Qe2 Qd5 16. c4 Qe4 17. Qxe4 Nxe4 18. Be3 f5 1/2-1/2

[Event "Ct. Catalunya eq DH"]
[Site "?"]
[Date "2012.03.10"]
[Round "7.4"]
[White "Vives Esmerat, J."]
[Black "Barbero Sendic, A."]
[Result "1-0"]
[WhiteElo "2360"]
[BlackElo "2385"]
[PlyCount "75"]
[EventDate "2012.??.??"]
[EventType "team"]
[EventRounds "11"]

1. e4 e6 2. d4 d5 3. e5 c5 4. c3 Nc6 5. Nf3 Bd7 6. Bd3 Qc7 7. a3 f6 8. Bf4
O-O-O 9. O-O h6 10. h4 g5 11. Bg3 f5 12. hxg5 hxg5 13. Nxg5 Nh6 14. Nd2 Be7 15.
Ndf3 Rdg8 16. Bf4 Qd8 17. Qd2 c4 18. Bc2 Qf8 19. g3 Ng4 20. Kg2 Rh6 21. Rh1
Rgh8 22. Rh4 Rxh4 23. Nxh4 Qg8 24. Rh1 Na5 25. Ng6 Qxg6 26. Rxh8+ Kc7 27. f3
Nh6 28. Nxe6+ Bxe6 29. Rxh6 Qg8 30. Qc1 Bf8 31. Rh5 Nb3 32. Qh1 Kb6 33. Qh4 Na1
34. Qd8+ Ka6 35. Bxf5 Qf7 36. Bxe6 Qxh5 37. Qxf8 Nc2 38. Bd2 1-0

[Event "Ct. Catalunya eq DH"]
[Site "?"]
[Date "2012.03.10"]
[Round "7.6"]
[White "Gutierrez Clares, J."]
[Black "Fernandez Cazorla, A."]
[Result "1/2-1/2"]
[WhiteElo "2313"]
[BlackElo "2325"]
[PlyCount "47"]
[EventDate "2012.??.??"]
[EventType "team"]
[EventRounds "11"]

1. d4 d5 2. c4 c6 3. Nf3 Nf6 4. e3 a6 5. Qb3 e6 6. a4 Be7 7. Nc3 O-O 8. Bd3
dxc4 9. Bxc4 c5 10. O-O Nc6 11. Rd1 Na5 12. Qa2 Nxc4 13. dxc5 Qc7 14. Qxc4 Qxc5
15. Qxc5 Bxc5 16. Ne5 b6 17. Nd3 Rd8 18. Nxc5 Rxd1+ 19. Nxd1 bxc5 20. Bd2 Bd7
21. a5 Ne4 22. Be1 c4 23. Rc1 Bb5 24. Bb4 1/2-1/2

[Event "Ct. Catalunya eq DH"]
[Site "?"]
[Date "2012.03.10"]
[Round "7.6"]
[White "Pijuan Herranz, M."]
[Black "Coll Ortega, J."]
[Result "1-0"]
[WhiteElo "2302"]
[BlackElo "2383"]
[PlyCount "91"]
[EventDate "2012.??.??"]
[EventType "team"]
[EventRounds "11"]

1. d4 Nf6 2. Nf3 e6 3. c4 c5 4. g3 cxd4 5. Nxd4 Nc6 6. Bg2 a6 7. O-O Be7 8. Nc3
O-O 9. b3 Qc7 10. Bb2 d6 11. Rc1 Ne5 12. Qd2 Bd7 13. f4 Ng6 14. Kh1 Rac8 15. a4
Rfe8 16. e3 Qb8 17. Qe2 Bc6 18. e4 Bd8 19. b4 Bd7 20. Nb3 b6 21. b5 a5 22. Rfd1
Be7 23. Ba3 Qc7 24. Bf1 Red8 25. Nd4 e5 26. Nd5 Qb7 27. fxe5 Bg4 28. Nxf6+ Bxf6
29. Qxg4 Nxe5 30. Qf4 h6 31. h4 Ng6 32. Qf5 Be5 33. Qf3 Re8 34. Nf5 Rcd8 35.
Nxd6 Bxd6 36. Rxd6 Ne5 37. Qe2 Rc8 38. Bh3 Rc7 39. Rd5 f6 40. c5 bxc5 41. Rdxc5
Rxc5 42. Rxc5 Rd8 43. Rd5 Rxd5 44. Be6+ Kh7 45. exd5 Qb6 46. Qc2+ 1-0

[Event "Ct. Catalunya eq DH"]
[Site "?"]
[Date "2012.03.10"]
[Round "7.6"]
[White "Sadrija, E."]
[Black "Granados Gomez, M."]
[Result "0-1"]
[WhiteElo "2196"]
[BlackElo "2366"]
[PlyCount "140"]
[EventDate "2012.??.??"]
[EventType "team"]
[EventRounds "11"]

1. d4 d5 2. c4 c6 3. Nc3 dxc4 4. a4 e5 5. dxe5 Qxd1+ 6. Kxd1 Nd7 7. f4 Nc5 8.
e4 f6 9. Bxc4 fxe5 10. f5 Nf6 11. Nf3 Nfxe4 12. Re1 Bxf5 13. Nxe4 Nxe4 14. Nh4
O-O-O+ 15. Kc2 Nd2+ 16. Nxf5 Nxc4 17. b3 Nb6 18. Rxe5 g6 19. Ne7+ Bxe7 20. Rxe7
Nd5 21. Re2 Rhe8 22. Rxe8 Rxe8 23. Kd3 Re1 24. Bb2 Nf4+ 25. Kd4 Re2 26. Ba3
Ne6+ 27. Kc3 Rxg2 28. Rf1 Rxh2 29. Rf7 a6 30. Bd6 Rh3+ 31. Kc4 b5+ 32. axb5
axb5+ 33. Kb4 Rd3 34. Bh2 Rd7 35. Rf6 Nc7 36. Rxc6 Kb7 37. Rc2 g5 38. Ka5 h5
39. Rc5 Nd5 40. Kxb5 h4 41. Rc4 Nf6 42. Rb4 Rd5+ 43. Kc4+ Kc6 44. Ra4 Rf5 45.
Ra6+ Kd7 46. b4 g4 47. Rd6+ Kc8 48. Rd4 Rf2 49. Be5 Nd7 50. Bd6 Rg2 51. Kd5 h3
52. Re4 Kd8 53. Kc6 Rc2+ 54. Kb7 Nf6 55. Be7+ Kd7 56. Bxf6 h2 57. Re7+ Kd6 58.
Rh7 Rc7+ 59. Rxc7 h1=Q+ 60. Kb8 g3 61. Be7+ Kd5 62. Bc5 Kc4 63. Ka7 g2 64. Ka6
Qa1+ 65. Kb6 Qf6+ 66. Rc6 Qd8+ 67. Kb7 Kd5 68. Rg6 Qd7+ 69. Kb6 Kc4 70. Rxg2
Qd8+ 0-1

[Event "Ct. Catalunya eq DH"]
[Site "?"]
[Date "2012.03.10"]
[Round "7.7"]
[White "Castellet Giralt, G."]
[Black "Fernandez Madrid, C."]
[Result "0-1"]
[WhiteElo "2311"]
[BlackElo "2290"]
[PlyCount "68"]
[EventDate "2012.??.??"]
[EventType "team"]
[EventRounds "11"]

1. d4 g6 2. c4 Bg7 3. Nc3 c5 4. Nf3 cxd4 5. Nxd4 Nc6 6. Nc2 f5 7. h4 Nf6 8. h5
Nxh5 9. Rxh5 gxh5 10. e4 O-O 11. exf5 e6 12. Qxh5 Rxf5 13. Qh3 Qa5 14. Bd2 Rh5
15. Qf3 Qf5 16. Qe2 Qe5 17. Be3 Rh1 18. O-O-O a5 19. f4 Qf6 20. g3 d5 21. Qg2
Rh6 22. g4 Rg6 23. g5 Qf8 24. Nb5 Nb4 25. Nxb4 axb4 26. b3 Bd7 27. Nd4 Qc8 28.
Kb1 dxc4 29. Bxc4 b5 30. Bd3 Be8 31. Be4 Qc3 32. Bd3 Rd8 33. f5 Rxd4 34. Qa8
Rd8 0-1

[Event "Ct. Catalunya eq DH"]
[Site "?"]
[Date "2012.03.10"]
[Round "7.7"]
[White "Martinez Lopez, I."]
[Black "Serra Pages, J."]
[Result "0-1"]
[WhiteElo "2327"]
[BlackElo "2299"]
[PlyCount "54"]
[EventDate "2012.??.??"]
[EventType "team"]
[EventRounds "11"]

1. c4 Nf6 2. g3 c6 3. Bg2 d5 4. Nf3 dxc4 5. O-O Nbd7 6. Qc2 Nb6 7. Rd1 Qd5 8.
Nc3 Qh5 9. d4 cxd3 10. Qxd3 Bf5 11. e4 Bg4 12. Ne2 e5 13. Bg5 Be7 14. Bh4 g5
15. a4 gxh4 16. h3 Bxf3 17. Bxf3 Qg5 18. a5 Nbd7 19. a6 b6 20. Qc2 Rc8 21. Rd3
Nc5 22. Rc3 O-O 23. b4 Ne6 24. Rxc6 Rxc6 25. Qxc6 hxg3 26. Nxg3 Nd4 27. Qc3
Nxe4 0-1

[Event "Ct. Catalunya eq DH"]
[Site "?"]
[Date "2012.03.10"]
[Round "7.7"]
[White "Ryan, J."]
[Black "Dickl, E."]
[Result "1-0"]
[WhiteElo "2289"]
[BlackElo "2193"]
[PlyCount "127"]
[EventDate "2012.??.??"]
[EventType "team"]
[EventRounds "11"]

1. Nf3 Nf6 2. g3 g6 3. b3 Bg7 4. Bb2 O-O 5. Bg2 d6 6. d4 c6 7. O-O Qc7 8. c4
Re8 9. d5 cxd5 10. cxd5 Qa5 11. Nfd2 b5 12. a3 Bb7 13. b4 Qd8 14. Nb3 Nbd7 15.
Na5 Rb8 16. Nc3 a6 17. Qb3 Nb6 18. Rfd1 Qd7 19. a4 Rec8 20. axb5 axb5 21. e4
Ne8 22. Bf1 Nc7 23. Ne2 Bxb2 24. Qxb2 Nc4 25. Qd4 e5 26. Qa7 Ba8 27. Nc3 Nb6
28. Rdc1 Rd8 29. Nc6 Bxc6 30. dxc6 Qc8 31. Nxb5 Nba8 32. Nxc7 Nxc7 33. Rab1 Ra8
34. Qb7 Rb8 35. Qxc8 Rdxc8 36. Rd1 Rb6 37. Rxd6 Ne8 38. Rd5 Rcxc6 39. Rxe5 Nd6
40. Re7 Kf8 41. Ra7 Nxe4 42. b5 Rf6 43. Rb2 Nc3 44. Ra6 Nd5 45. Rxb6 Rxb6 46.
Bg2 Nc3 47. Bc6 Nxb5 48. Bxb5 h6 49. Rb3 Kg7 50. h4 f5 51. Kg2 Kf6 52. Bc4 Rc6
53. Bd5 Rd6 54. Bf3 g5 55. hxg5+ Kxg5 56. Rb4 h5 57. Rf4 Rb6 58. Be2 Rd6 59.
Bc4 Rb6 60. Bd3 Rf6 61. Kh3 Rf8 62. Rxf5+ Rxf5 63. Bxf5 Kxf5 64. Kh4 1-0

[Event "Ct. Catalunya eq DH"]
[Site "?"]
[Date "2012.03.10"]
[Round "7.8"]
[White "Colls Gelaberto, E."]
[Black "Bruned Segura, M."]
[Result "1-0"]
[WhiteElo "2270"]
[BlackElo "2268"]
[PlyCount "109"]
[EventDate "2012.??.??"]
[EventType "team"]
[EventRounds "11"]

1. d4 d6 2. Nf3 Bg4 3. c4 Nd7 4. Nc3 c6 5. d5 e5 6. dxe6 Bxe6 7. e4 Ne5 8. b3
Nf6 9. Be2 Be7 10. O-O O-O 11. Nd4 Bg4 12. Bxg4 Nexg4 13. Nf5 Re8 14. Bf4 Qa5
15. Nxe7+ Rxe7 16. Qd2 Rd7 17. Rad1 Rad8 18. f3 Ne5 19. Nd5 Qxd2 20. Nxf6+ gxf6
21. Rxd2 Kf8 22. Rfd1 Ke7 23. Be3 b6 24. Kf2 Rg8 25. h3 c5 26. Rd5 a5 27. a4
Rg7 28. Bc1 Ke6 29. Bb2 Nc6 30. Rh5 Ne7 31. f4 Ng8 32. Rhd5 Ke7 33. g4 h6 34.
Kf3 Rg6 35. h4 Rg7 36. h5 Rh7 37. e5 fxe5 38. Bxe5 f6 39. Bxd6+ Ke8 40. f5 Rhg7
41. Re1+ Kd8 42. Re6 Rgf7 43. Bf4 Rxd5 44. cxd5 Rb7 45. Bxh6 Nxh6 46. Rxf6 Nf7
47. Kf4 Ke7 48. Re6+ Kf8 49. g5 b5 50. f6 bxa4 51. bxa4 Rb4+ 52. Kf5 Rd4 53. g6
Rxd5+ 54. Ke4 Rxh5 55. g7+ 1-0

[Event "Ct. Catalunya eq DH"]
[Site "?"]
[Date "2012.03.10"]
[Round "7.8"]
[White "Gardela Batlle, J."]
[Black "Guasch Sariol, J."]
[Result "1-0"]
[WhiteElo "2287"]
[BlackElo "2235"]
[PlyCount "79"]
[EventDate "2012.??.??"]
[EventType "team"]
[EventRounds "11"]

1. Nf3 f5 2. c4 Nf6 3. g3 g6 4. b4 Bg7 5. Bb2 d6 6. Bg2 O-O 7. d3 e5 8. O-O Qe8
9. Nc3 c6 10. b5 Nbd7 11. bxc6 bxc6 12. Ba3 Nc5 13. Rb1 h6 14. Nxe5 Qxe5 15. d4
Qe6 16. dxc5 Qxc4 17. Bxc6 Qxc3 18. Rb3 Qa5 19. Bxa8 Be6 20. Bf3 dxc5 21. Re3
Bxa2 22. Qc2 Bf7 23. Qxc5 Qa6 24. Re7 Re8 25. Qxa7 Qxa7 26. Rxa7 Ne4 27. Rd1
Bc4 28. e3 Bb5 29. Kg2 h5 30. Be7 Bh6 31. Rd8 Rxd8 32. Bxd8 Nd2 33. Bd5+ Kf8
34. Bf6 Ke8 35. Ra8+ Kd7 36. Rh8 Kd6 37. Ba8 Ke6 38. Bc3 Nb1 39. Rxh6 Nxc3 40.
Rxg6+ 1-0

[Event "Ct. Catalunya eq DH"]
[Site "?"]
[Date "2012.03.10"]
[Round "7.9"]
[White "Garcia de Blas, E."]
[Black "Ortiz Lafont, J."]
[Result "1/2-1/2"]
[WhiteElo "2168"]
[BlackElo "2283"]
[PlyCount "41"]
[EventDate "2012.??.??"]
[EventType "team"]
[EventRounds "11"]

1. d4 d5 2. c4 c6 3. cxd5 cxd5 4. Nc3 Nf6 5. Nf3 Nc6 6. Bf4 Bf5 7. e3 e6 8. Qb3
Bb4 9. Bb5 O-O 10. Bxc6 Bxc3+ 11. Qxc3 Rc8 12. Ne5 Ne4 13. Qa3 bxc6 14. Rc1 c5
15. dxc5 f6 16. Nd3 e5 17. Bg3 d4 18. Rd1 dxe3 19. fxe3 Bg4 20. Rc1 Bf5 21. Rd1
1/2-1/2

[Event "Ct. Catalunya eq DH"]
[Site "?"]
[Date "2012.03.10"]
[Round "7.10"]
[White "Carol Querol, S."]
[Black "Llaneza Vega, P."]
[Result "1/2-1/2"]
[WhiteElo "2068"]
[BlackElo "2220"]
[PlyCount "35"]
[EventDate "2012.??.??"]
[EventType "team"]
[EventRounds "11"]

1. d4 Nf6 2. c4 g6 3. Nc3 Bg7 4. e4 d6 5. f3 O-O 6. Bg5 c5 7. d5 Qa5 8. Qd2 a6
9. Nge2 b5 10. Nc1 bxc4 11. Bxc4 Nbd7 12. O-O Rb8 13. Rb1 Qb4 14. Be2 a5 15.
Nd3 Qb6 16. Be3 Qc7 17. Nf2 a4 18. Nb5 1/2-1/2

[Event "Ct. Catalunya eq DH"]
[Site "?"]
[Date "2012.03.11"]
[Round "7.10"]
[White "Fernandez Serrano, P."]
[Black "Vives Jaume, O."]
[Result "0-1"]
[WhiteElo "2249"]
[BlackElo "2155"]
[PlyCount "91"]
[EventDate "2012.??.??"]
[EventType "team"]
[EventRounds "11"]

1. d4 d5 2. Bf4 c5 3. e3 Nc6 4. c3 Qb6 5. Qc2 Nf6 6. Nd2 Bg4 7. Ngf3 e6 8. Bd3
Be7 9. dxc5 Bxc5 10. O-O Be7 11. Ne5 Bh5 12. e4 Rd8 13. Nxc6 Qxc6 14. e5 Nd7
15. Nb3 Bg6 16. Bxg6 hxg6 17. Rad1 Nc5 18. Nd4 Qa6 19. Rfe1 O-O 20. a3 Rc8 21.
Re3 Qa4 22. Qc1 Nb3 23. Qc2 Nc5 24. Qe2 Nb3 25. Rh3 Nxd4 26. Rxd4 Rc4 27. Be3
a5 28. Qd2 Rd8 29. Qd1 Rxd4 30. Qxd4 Qxd4 31. Bxd4 b5 32. Kf1 Bg5 33. b3 Bc1
34. Bc5 Rc8 35. b4 Bxa3 36. Ke2 axb4 37. cxb4 Bb2 38. f4 Bc1 39. Rf3 Ra8 40.
Kd1 Ba3 41. Kc2 Ra4 42. Kb3 Bc1 43. Rf1 Bd2 44. Rf2 Be1 45. Rc2 d4 46. g3 0-1

[Event "Ct. Catalunya eq DH"]
[Site "?"]
[Date "2012.03.17"]
[Round "8.1"]
[White "Bacallao Alonso, Y."]
[Black "Gonzalez Garcia, J."]
[Result "1-0"]
[WhiteElo "2550"]
[BlackElo "2583"]
[PlyCount "79"]
[EventDate "2012.??.??"]
[EventType "team"]
[EventRounds "11"]

1. e4 e6 2. d4 d5 3. Nc3 Nf6 4. Bg5 dxe4 5. Nxe4 Nbd7 6. Nf3 h6 7. Nxf6+ Nxf6
8. Bxf6 Qxf6 9. Bb5+ c6 10. Bd3 Bd7 11. Qe2 c5 12. Qe4 Bc6 13. Bb5 Rc8 14. Ne5
cxd4 15. Nxc6 bxc6 16. Bxc6+ Kd8 17. O-O Bc5 18. b4 Bb6 19. a4 Ke7 20. a5 Bc7
21. f4 Rhd8 22. Bb7 Rb8 23. b5 d3 24. b6 Bd6 25. cxd3 Rd7 26. bxa7 Bc5+ 27. Kh1
Bxa7 28. Qb4+ Rd6 29. Rac1 Qd4 30. Rc7+ Ke8 31. Qb5+ Kf8 32. f5 Rd5 33. Rxf7+
Kxf7 34. fxe6+ Kxe6 35. Bxd5+ Qxd5 36. Re1+ Kd6 37. Qa6+ Kd7 38. Qxa7+ Rb7 39.
Qa8 Kc7 40. Re7+ 1-0

[Event "Ct. Catalunya eq DH"]
[Site "?"]
[Date "2012.??.??"]
[Round "8.1"]
[White "Bruzon Batista, L."]
[Black "Rakhmanov, A."]
[Result "1-0"]
[WhiteElo "2695"]
[BlackElo "2586"]
[PlyCount "123"]
[EventDate "2012.??.??"]
[EventType "team"]
[EventRounds "11"]

1. c4 Nf6 2. g3 c6 3. Nf3 g6 4. b3 Bg7 5. Bb2 O-O 6. Bg2 d5 7. O-O a5 8. d3 a4
9. Nbd2 Na6 10. h3 Re8 11. Qc1 Be6 12. Bc3 Qc8 13. Kh2 b5 14. Be5 Nc5 15. cxd5
cxd5 16. b4 Ncd7 17. Bd4 Qb8 18. Re1 Rc8 19. Qd1 h6 20. a3 Ra6 21. Rc1 Bf8 22.
Ba1 Ra8 23. Rxc8 Qxc8 24. Nd4 Qa6 25. e4 dxe4 26. dxe4 Rd8 27. e5 Nd5 28. Nxe6
Qxe6 29. Nf3 N7b6 30. Nd4 Qc8 31. e6 f5 32. Qf3 Bg7 33. Nxb5 Bxa1 34. Rxa1 Qxe6
35. Rc1 Qf6 36. Qe2 Kg7 37. Nc7 Nxc7 38. Rxc7 Rd7 39. Rc5 h5 40. h4 Rd6 41. Rc7
Rd7 42. Rc6 Rd6 43. Qb5 Rxc6 44. Bxc6 Qd4 45. Qc5 e5 46. Qe7+ Kh6 47. Qf8+ Kh7
48. Qe7+ Kh6 49. Qf8+ Kh7 50. Qf7+ Kh6 51. Kg2 e4 52. Qf8+ Qg7 53. Qc5 Qc7 54.
Bxe4 Qd8 55. Bf3 Kg7 56. Bc6 Kf6 57. Qc3+ Ke6 58. Qg7 Qd3 59. Qxg6+ Ke7 60.
Qg5+ Ke6 61. Qe3+ Qxe3 62. fxe3 1-0

[Event "Ct. Catalunya eq DH"]
[Site "?"]
[Date "2012.03.17"]
[Round "8.1"]
[White "Muñoz Pantoja, M."]
[Black "Oratovsky, M."]
[Result "1/2-1/2"]
[WhiteElo "2565"]
[BlackElo "2549"]
[PlyCount "21"]
[EventDate "2012.??.??"]
[EventType "team"]
[EventRounds "11"]

1. e4 c5 2. Nf3 e6 3. d4 cxd4 4. Nxd4 a6 5. c4 Nf6 6. Nc3 Bb4 7. Bd3 Qc7 8. O-O
Nc6 9. Nxc6 dxc6 10. Be3 h5 11. h3 1/2-1/2

[Event "Ct. Catalunya eq DH"]
[Site "?"]
[Date "2012.03.17"]
[Round "8.1"]
[White "Oms Pallisse, J."]
[Black "Peralta, F."]
[Result "1/2-1/2"]
[WhiteElo "2517"]
[BlackElo "2620"]
[PlyCount "61"]
[EventDate "2012.??.??"]
[EventType "team"]
[EventRounds "11"]

1. d4 d6 2. Nf3 Bg4 3. c4 g6 4. Nc3 Bg7 5. e3 Nf6 6. Be2 O-O 7. h3 Bf5 8. g4
Bd7 9. e4 c5 10. Be3 cxd4 11. Nxd4 Nc6 12. Qd2 Rc8 13. g5 Nh5 14. Bxh5 gxh5 15.
b3 Qa5 16. Rc1 Nxd4 17. Bxd4 Bxd4 18. Qxd4 Qxg5 19. Ke2 Qe5 20. Qxe5 dxe5 21.
Rcd1 Be6 22. Nd5 Rfe8 23. h4 f6 24. Ne3 Kf7 25. Rd2 a5 26. a4 Rg8 27. Rdd1 Rc6
28. Rd3 Bg4+ 29. f3 Be6 30. Kd2 Rb6 31. Rd1 1/2-1/2

[Event "Ct. Catalunya eq DH"]
[Site "?"]
[Date "2012.03.17"]
[Round "8.2"]
[White "Farran Martos, FX."]
[Black "Pablo Mari, A."]
[Result "1/2-1/2"]
[WhiteElo "2391"]
[BlackElo "2446"]
[PlyCount "88"]
[EventDate "2012.??.??"]
[EventType "team"]
[EventRounds "11"]

1. e4 d6 2. d4 Nf6 3. Nc3 g6 4. f3 c6 5. Be3 b5 6. e5 b4 7. exf6 bxc3 8. bxc3
exf6 9. Bd3 Bg7 10. Ne2 O-O 11. O-O Re8 12. Qd2 Ba6 13. Rfe1 Bxd3 14. cxd3 Nd7
15. a4 Qa5 16. c4 Qxd2 17. Bxd2 f5 18. Rab1 Nf8 19. Kf1 Ne6 20. Be3 d5 21. Bf2
Rab8 22. a5 f4 23. cxd5 cxd5 24. Nc3 Rbc8 25. Nxd5 Rcd8 26. Nb4 Bxd4 27. Bxd4
Rxd4 28. Nc6 Rxd3 29. Nxa7 Ra8 30. Nc6 Ra3 31. Ra1 Rc3 32. Rec1 Rxc1+ 33. Rxc1
Ra6 34. Ke1 Kf8 35. Kd2 Ke8 36. Rc4 Ra8 37. Kc3 Kd7 38. Kb4 Kd6 39. Kb5 Rc8 40.
Kb6 Nc7 41. Kb7 Re8 42. Rd4+ Nd5 43. a6 Re1 44. Nb4 Re7+ 1/2-1/2